Overcoming hindrances to advancement in life : (Record no. 33892)

MARC details
000 -LEADER
fixed length control field 00918nam a22002657a 4500
008 - FIXED-LENGTH DATA ELEMENTS--GENERAL INFORMATION
fixed length control field 251125b |||||||| |||| 00| 0 eng d
017 ## - LEGAL DEPOSIT NUMBER
Legal deposit number LD.4192
018 ## - LEGAL DEPOSIT YEAR
LDD Year 2025
020 ## - INTERNATIONAL STANDARD BOOK NUMBER
ISBN 9789788554899
040 ## - CATALOGING SOURCE
Original cataloging agency NLN
Language of cataloging English
Description conventions AACR2
100 ## - MAIN ENTRY--AUTHOR
Author AREOGUN, Olusola
Relator term aut
245 ## - TITLE STATEMENT
Title Overcoming hindrances to advancement in life :
Remainder of title understanding the blockers to our advancement in life and destiny and God's provision to address them /
Statement of responsibility, etc Olusola Areogun and Oyenike Areogun
260 ## - PUBLICATION, DISTRIBUTION, ETC. (IMPRINT)
Place of publication Osogbo, Osun State (P.O.Box 1838) :
Name of publisher Abundant Life House,
Date of publication 2024
300 ## - COLLATION
Pagination 106p. ;
Other physical details 18cm
563 ## - BINDING INFORMATION
Binding note (pbk)
650 ## - TRACINGS
Main Subject Mercy
650 ## - TRACINGS
Main Subject Spiritual life
Subdivision (1st) Christianity
650 ## - TRACINGS
Main Subject Fate and fatalism
650 ## - TRACINGS
Main Subject God (Christianity)
Subdivision (1st) Mercy
856 ## - ELECTRONIC LOCATION AND ACCESS
URL www.abundantlifehouse.org
942 ## - ADDED ENTRY ELEMENTS (KOHA)
Item type Books
Suppress in OPAC No
050 ## - LIBRARY OF CONGRESS CALL NUMBER
Classification number BV4647.M4
Item number A681
082 ## - DEWEY DECIMAL CLASSIFICATION NUMBER
Classification number 241.4
Holdings
Source of classification or shelving scheme Not for loan Home library Current library Date acquired Mode of acquisition Accession No. Full call number Barcode. Copy number Koha item type
Library of Congress Classification   ABUJA LIBRARY BRANCH National Library of Nigeria 25/11/2025 Legal deposit 447923 BV4647.M4 A681 447923 1 Books
Library of Congress Classification   ENUGU BRANCH National Library of Nigeria 25/11/2025 Legal deposit 447922 BV4647.M4 A681 447922 1 Books
Library of Congress Classification   OSOGBO BRANCH National Library of Nigeria 25/11/2025 Legal deposit 447924 BV4647.M4 A681 447924 1 Books

National Library of Nigeria OPAC is powered by Koha